000 00569nam a2200181Ia 4500
003 GCL
005 20240530105401.0
008 140319s9999 xx 000 0 ara d
040 _aGCL /
_cGCL
082 0 4 _a923.2
_bص م
100 1 _aصلاح رافع منادى المساعيد
245 1 0 _aمسمار فى نعش هتلر /
_cصلاح رافع منادى المساعيد
260 _aالاردن :
_bمكتبة المنار ،
_c1989
300 _a404 ص ؛
_c24 سم
650 0 4 _aهتلر
650 0 4 _aالسياسيون - تراجم
942 _2ddc
_cBK
999 _c55505
_d55505